000 00770nam a22002292 4500
001 0000023745
005 20151217152248.0
008 130321s xx 000 0 eng d
020 _a1844741526 :
040 _aKABU
_cKABU
100 1 _aWright, Christopher J. H.
_@0000159068
245 1 4 _aThe Mission of God :
_bunlocking the Bible's grand narrative /
_cChristopher J. H. Wright.
250 _a1st ed.
260 _aNottingham, England :
_bInterVarsity Press,
_c2006.
300 _a581 p.
650 0 _aMissions
_xTheory.
_@0000148268
650 0 _aMission of the church.
_@0000182464
852 1 _9p1600 KES
852 1 _9p1600 KES
908 _a130321
950 _@1
999 _c9958
_d9958